00354nam a2200097Ia 4500001000400000008004100004082001500045100001100060245016800071260001700239924241024s9999 xx 000 0 und d a370.9/U56i aUNESCO 0aInforme de segumiento de la EPT en el mundo superar la desigualdad: por que es importante la gobernanza. Resumen, informe de seguimiento de la EPT en el mundo 2009 bUNESCOc2009